| 000 | 02146nam a2200445 c 4500 | ||
|---|---|---|---|
| 003 | BLK | ||
| 005 | 20180422103230.0 | ||
| 008 | 180408b bul|||||r ||||||| ||bul|| | ||
| 010 | _aKNG00075996000 | ||
| 020 |
_a978-954-733-519-6 _bиздат.: Прозорец |
||
| 040 | _aBLK | ||
| 041 |
_aBUL _cBUL |
||
| 080 |
_aРазузнавателна служба. Тайна служба. Шпионаж. Разузнавателна информация. Вж и 327.84 ; 344.1 _b355.40 _x(430)(091)(092) _z355.40(430)(091)(092) |
||
| 080 |
_aИстория на Втората световна война (1939-1945) _b940.53 _x _z940.53 |
||
| 080 |
_aАдмирал, шеф на германските тайни служби _b929 Канарис, Вилхелм _x _z929 Канарис, Вилхелм |
||
| 100 | 1 |
_aБасет, Ричард _eпърви автор _936939 |
|
| 700 | 1 |
_aТалев, Павел Димитров _eпрев. от англ. _9367880 |
|
| 139 |
_aБасет, Ричард _bК 24 |
||
| 245 | 1 | 0 |
_aГлавният шпионин на Хитлер _bМистерията Вилхелм Канарис _cРичард Басет; прев. от англ. Павел Димитров Талев. |
| 257 | _aGBR | ||
| 260 |
_аСофия _bПрозорец _c2007 _fСофия : Инвестпрес |
||
| 300 |
_a350 с. _bсъс сх., 8 л. : ил. _c20 см |
||
| 380 | _a9 | ||
| 490 | 1 | _aПоредица Хроника | |
| 500 | _aОриг. загл. Hitler's Spy Chief : The Wilhelm Canaris Mystery / Richard Bassett. - Офс. изд. | ||
| 600 | 1 | 4 |
_aКанарис, Вилхелм _9222583 |
| 650 | 4 |
_aГермания - история _9253290 |
|
| 650 | 4 |
_aШпионаж и диверсия - Германия - история _9259333 |
|
| 650 | 4 |
_aКанарис, Вилхелм _9222583 |
|
| 651 | 4 |
_aГермания _9178754 |
|
| 653 | _aистория | ||
| 653 | _aшпионаж | ||
| 653 | _aтайни служби | ||
| 653 | _aВтора световна война | ||
| 852 | _aЦб 234578 | ||
| 856 | 4 |
_qpdf _u |
|
| 856 | 4 |
_qpdf _u |
|
| 942 |
_cKNG _n0 |
||
| 944 |
_aCR _c25.06.2007 _kНаталия_Медовщикова |
||
| 944 |
_aED _c05.12.2008 _k |
||
| 999 |
_c71624 _d71624 |
||